Name the von Trapp Children Quiz - Statistics

General Stats
  • This quiz has been taken 20 times
  • The average score is 6 of 7
Answer Stats
Answer % Correct
Gretl
90%
Liesl
90%
Friedrich
85%
Kurt
85%
Louisa
80%
Brigitta
70%
Marta
70%
No matching quizzes found
Score Distribution
Percent of People with Each Score
Percentile by Number Answered
Your Score History
You have not taken this quiz